| 000 | 00790nam a22002177a 4500 | ||
|---|---|---|---|
| 003 | OSt | ||
| 005 | 20251010053524.0 | ||
| 008 | 251010b |||||||| |||| 00| 0 eng d | ||
| 020 | _a 978-1-4129-6076-2. | ||
| 040 |
_aDWCL-Admin lib _cOC |
||
| 082 | _aCirc. 372.13352 G646t 2009 | ||
| 100 | _aGood, Linda | ||
| 245 |
_aTeaching and earning with digital photography : tips and tools for early childhood classrooms/ _cLinda Good |
||
| 260 |
_aThousands Oaks, calif. : _bCorwin Press, _cc2009 |
||
| 300 |
_axv, 229 p. : ill. ; _c26 cm. |
||
| 504 | _aIncludes bibliographical references & index. | ||
| 650 | _a1. Early childhood educatin-United States | ||
| 650 | _a2. Photography-Digital Techniques | ||
| 650 | _a3. Technology and children-United States | ||
| 942 |
_2ddc _cBK-CIRC _kCirc. _n0 |
||
| 999 |
_c4829 _d4829 |
||